| 000 -ლიდერი |
| ფიქსირებული სიგრძის საკონტროლო ველი |
02776nam a22003257a 4500 |
| 003 - საკონტროლო ნომრის იდენტიფიკატორი |
| საკონტროლო ველი |
Ge_BSU |
| 005 - ბოლო ოპერაციის თარიღი და დრო |
| საკონტროლო ველი |
20220211132726.0 |
| 008 - ფიქსირებული სიგრძის მონაცემთა ელემენტები - ზოგადი ინფორმაცია |
| ფიქსირებული სიგრძის საკონტროლო ველი |
220211s2020ge xxu||||| |||| 00| 0 geo d |
| 020 ## - წიგნის საერთაშორისო სტანდარტული ნომერი |
| International Standard Book Number |
9789941488238 |
| 041 ## - ენის კოდი |
| Language code of text/sound track or separate title |
geo |
| 080 ## - უნივერსალური ათობითი კლასიფიკაციის ინდექსი |
| Universal Decimal Classification number |
94(=353.1)(560) წ-40 |
| 245 ## - ცნობა სათაურის შესახებ |
| Title |
წერილები სტამბოლის ქართული სავანიდან : |
| Remainder of title |
წ. 2 / |
| Statement of responsibility, etc |
ავტორები: შუშანა ფუტკარაძე, როინ მალაყმაძე, თამილა ლომთათიძე [და სხვ.] რედ. როინ მალაყმაძე. |
| 264 ## - წარმოების, გამოცემის, დისტრიბუციის და სხვა ცნობები |
| გამოცემის, წარმოების, დისტრიბუციის... ადგილი |
ბათუმი : |
| გამოცემის, წარმოების, დისტრიბუციის... სახელწოდება |
ბათუმის შოთა რუსთაველის სახელმწიფო უნივერსიტეტი, |
| გამოცემის, წარმოების, დისტრიბუციის... თარიღი |
2020. |
| 300 ## - ფიზიკური აღწერა |
| Extent |
704 გვ.: |
| Other physical details |
ფოტ.ილ. გვ: 685-702. |
| Dimensions |
29 სმ. |
| 501 ## - შენიშვნა თანმხლებ მასალაზე |
| With note |
წინათქმა გვ:12-21. |
| 504 ## - BIBLIOGRAPHY, ETC. NOTE |
| Bibliography, etc |
ბიბლიოგრ.გვ: 5-11. |
| 505 ## - FORMATTED CONTENTS NOTE |
| Statement of responsibility |
წიგნი ეძღვნება სტამბოლის ქართული სავანის ამაგდარი პიროვნებების მამა-შვილ პავლე და სიმონ ზაზაძეების ხსოვნას |
| 653 ## - INDEX TERM--UNCONTROLLED |
| Uncontrolled term |
ისტორიული მესხეთის დაუვიწყარი ქრონიკები სტამბოლის ქართული სავანის საგანძურიდან |
| 653 ## - INDEX TERM--UNCONTROLLED |
| Uncontrolled term |
კონსტანტინე ოდიშარია მასალები სტამბოლის ქართული სავანიდან |
| 653 ## - INDEX TERM--UNCONTROLLED |
| Uncontrolled term |
აჭარის სამაჰმადიანო საქართველოს წარსულის გახსენება სტამბოლის ქართული სავანის საგანძურიდან |
| 653 ## - INDEX TERM--UNCONTROLLED |
| Uncontrolled term |
მასალები სტამბოლის ქართული სავანის საგანძურიდან |
| 653 ## - INDEX TERM--UNCONTROLLED |
| Uncontrolled term |
წერილები სხვადასხვა თემაზე |
| 653 ## - INDEX TERM--UNCONTROLLED |
| Uncontrolled term |
ისტორია |
| 700 ## - ADDED ENTRY--PERSONAL NAME |
| Personal name |
ფუტკარაძე, შუშანა |
| 9 (RLIN) |
1978 |
| 700 ## - ADDED ENTRY--PERSONAL NAME |
| Personal name |
მალაყმაძე, როინ |
| 9 (RLIN) |
13527 |
| 700 ## - ADDED ENTRY--PERSONAL NAME |
| Personal name |
ლომთათიძე, თამილა |
| 9 (RLIN) |
10264 |
| 700 ## - ADDED ENTRY--PERSONAL NAME |
| Personal name |
მალაყმაძე, როინ |
| Relator term |
რედაქტორი |
| 9 (RLIN) |
13528 |
| 711 ## - ADDED ENTRY--MEETING NAME |
| Meeting name or jurisdiction name as entry element |
ბათუმის შოთა რუსთაველის სახელმწ. უნ-ტის ნიკო ბერძენიშვილის ინ-ტი. |
| 9 (RLIN) |
13529 |
| 942 ## - ADDED ENTRY ELEMENTS (KOHA) |
| Source of classification or shelving scheme |
|
| Koha item type |
წიგნი |